Bosques y Desarrollo (Registro nro. 16770)
[ vista simple ]
| 000 -CABECERA | |
|---|---|
| Campo de control | 00244as aa2200097a 44500 |
| 090 ## - CLASIFICACIÓN LOCAL | |
| Colección | SERIADAS |
| Consecutivo | 00769 |
| 041 0# - IDIOMA | |
| Código de idioma para texto/pista de sonido o título separado | |
| 245 10 - MENCION DE TITULO | |
| Título | Bosques y Desarrollo |
| 260 ## - PUBLICACION, DISTRIBUCION, ETC. (PIE DE IMPRENTA) | |
| Nombre del editor, distribuidor, etc. | Organización Internacional de Maderas Tropicales |
| Lugar de publicación, distribución, etc. | 174 |
| 942 ## - ELEMENTOS ADICIONALES (KOHA) | |
| Tipo de ítem | Periodica o revista |
| Withdrawn status | Lost status | Damaged status | No para préstamo | Colección | Fecha publicación (Año) | Número revista | Ubicación Permanente | Ubicación actual | Fecha de adquisición | Fuente de Valor | Total Checkouts | Número topográfico | Inventario / Código de Barras | Date last seen | Ejemplar | Price effective from | Forma de adquisición | Tipo de material |
|---|---|---|---|---|---|---|---|---|---|---|---|---|---|---|---|---|---|---|
| Hemeroteca | 1999 | 20-21 | Villa de Leyva | Villa de Leyva | 13/03/2001 | OIMT | SERIADAS 00769 | 006282 | 25/03/2015 | 1 | 25/03/2015 | Periodica o revista |